Разведочный анализ статистических данных об отказах промысловых трубопроводов ПАО "НК "Роснефть"; Перспективы развития фундаментальных наук; Т. 3 : Математика

מידע ביבליוגרפי
Parent link:Перспективы развития фундаментальных наук=Prospects of Fundamental Sciences Development: сборник научных трудов XVI Международной конференции студентов, аспирантов и молодых ученых, г. Томск, 23-26 апреля 2019 г./ Национальный исследовательский Томский политехнический университет (ТПУ) ; под ред. И. А. Курзиной, Г. А. Вороновой.— , 2019
Т. 3 : Математика.— 2019.— [С. 78-80]
מחבר ראשי: Кармачев Д. П.
מחבר תאגידי: Национальный исследовательский Томский политехнический университет Инженерная школа информационных технологий и робототехники Отделение информационных технологий
מחברים אחרים: Аксёнов С. В. Сергей Владимирович (научный руководитель)
סיכום:Заглавие с экрана
The paper presents an exploratory analysis of statistical data on failures. In the process of analysis, the author considers the initial sample and describes the steps to reduce this sample. The result of the work is the final prepared data table for use in problems of predicting pipeline failures for internal corrosion reasons.
שפה:רוסית
יצא לאור: 2019
נושאים:
גישה מקוונת:http://earchive.tpu.ru/handle/11683/55930
פורמט: MixedMaterials אלקטרוני Book Chapter
KOHA link:https://koha.lib.tpu.ru/cgi-bin/koha/opac-detail.pl?biblionumber=629766

MARC

LEADER 00000naa2a2200000 4500
001 629766
005 20231101133558.0
035 |a (RuTPU)RU\TPU\conf\30531 
035 |a RU\TPU\conf\30530 
090 |a 629766 
100 |a 20190925d2019 k y0rusy50 ca 
101 0 |a rus  |d eng 
102 |a RU 
105 |a y z 100zy 
135 |a drgn ---uucaa 
181 0 |a i  
182 0 |a b 
200 1 |a Разведочный анализ статистических данных об отказах промысловых трубопроводов ПАО "НК "Роснефть"  |d Exploratory failure statistics data analysis of Rosneft PJSC pipelines  |f Д. П. Кармачев  |g науч. рук. С. В. Аксёнов 
203 |a Текст  |c электронный 
230 |a 1 компьютерный файл (pdf; 170 Kb) 
300 |a Заглавие с экрана 
320 |a [Библиогр.: с. 80 (3 назв.)] 
330 |a The paper presents an exploratory analysis of statistical data on failures. In the process of analysis, the author considers the initial sample and describes the steps to reduce this sample. The result of the work is the final prepared data table for use in problems of predicting pipeline failures for internal corrosion reasons. 
461 1 |0 (RuTPU)RU\TPU\conf\30347  |t Перспективы развития фундаментальных наук  |l Prospects of Fundamental Sciences Development  |o сборник научных трудов XVI Международной конференции студентов, аспирантов и молодых ученых, г. Томск, 23-26 апреля 2019 г.  |o в 7 т.  |f Национальный исследовательский Томский политехнический университет (ТПУ) ; под ред. И. А. Курзиной, Г. А. Вороновой  |d 2019 
463 1 |0 (RuTPU)RU\TPU\conf\30350  |t Т. 3 : Математика  |v [С. 78-80]  |d 2019 
510 1 |a Exploratory failure statistics data analysis of Rosneft PJSC pipelines  |z eng 
610 1 |a электронный ресурс 
610 1 |a труды учёных ТПУ 
610 1 |a статистические данные 
610 1 |a отказы 
610 1 |a промысловые трубопроводы 
610 1 |a нефтяные месторождения 
610 1 |a выборки 
610 1 |a разведочный анализ 
700 1 |a Кармачев  |b Д. П. 
702 1 |a Аксёнов  |b С. В.  |c специалист в области информатики и вычислительной техники  |c доцент Томского политехнического университета, кандидат технических наук  |f 1983-  |g Сергей Владимирович  |2 stltpush  |4 727 
712 0 2 |a Национальный исследовательский Томский политехнический университет  |b Инженерная школа информационных технологий и робототехники  |b Отделение информационных технологий  |h 7951  |2 stltpush  |3 (RuTPU)RU\TPU\col\23515 
801 2 |a RU  |b 63413507  |c 20190927  |g RCR 
856 4 |u http://earchive.tpu.ru/handle/11683/55930 
942 |c BK